000 00465nam a2200133Ia 4500
008 171207s9999 xx 000 0 und d
100 _aMorales, Grace
245 _aAbout cooperative engineering: theory and emblematic examples
245 _cGrace Morales, Gérard Sensevy & Dominique Forest
260 _c2017
300 _apages 1280139, 2017
440 _aEducational Action Research
_v25:1
650 _aCooperative engineering, kindergarten, representations
999 _c347464
_d347464